| 000 | 00000nas##2200000za#4500 |
|---|---|
| 001 | 9.515772 |
| 003 | CaOODSP |
| 005 | 20210929082752 |
| 007 | ta |
| 008 | 150406c2007||||xxc|| p #||||f| |0eng|d |
| 022 | |a1496-7847 |
| 040 | |aCaOODSP|beng |
| 043 | |an-cn--- |
| 086 | 1 |aFo122-1E |
| 110 | 1 |aCanada. |bNatural Resources Canada. |bCanadian Forest Service. |
| 245 | 10|aFrontline express / |c[By] Great Lakes Forestry Centre. |
| 260 | |aSault Ste. Marie - Ontario : |bNatural Resources Canada. |c2001--. |
| 310 | |aIrregular |
| 775 | 08|tNouvelles express / |w(CaOODSP)9.514094 |
| 776 | 0#|tFrontline express. |w(CaOODSP)9.505401 |